Influenceři, propagace a dobročinnost v datech českých i zahraničních výzkumů
Menej ako tretina online užívateľov v Českej republike sleduje aspoň jedného influencera na sociálnych sieťach. Tieto internetové celebrity často spájajú svoje aktivity online s propagáciou rôznych značiek alebo služieb. Tá nemusí mať len formu platenej propagácie, ale môže niesť aj dôležité posolst...
Uložené v:
| Hlavný autor: | |
|---|---|
| Ďalší autori: | |
| Médium: | Kapitola |
| Jazyk: | Czech |
| Predmet: | |
| Tagy: |
Žiadne tagy, Buďte prvý, kto otaguje tento záznam!
|
MARC
| LEADER | 00000naa a2200000 4500 | ||
|---|---|---|---|
| 001 | 0289554 | ||
| 005 | 20240417075222.2 | ||
| 041 | 0 | |a cze | |
| 044 | |a CZ | ||
| 245 | 1 | 0 | |a Influenceři, propagace a dobročinnost v datech českých i zahraničních výzkumů |c Eliška Morochovičová, Kristýna Kamlarová |
| 520 | |a Menej ako tretina online užívateľov v Českej republike sleduje aspoň jedného influencera na sociálnych sieťach. Tieto internetové celebrity často spájajú svoje aktivity online s propagáciou rôznych značiek alebo služieb. Tá nemusí mať len formu platenej propagácie, ale môže niesť aj dôležité posolstvá alebo zvyšovať povedomie o charitatívnych aktivitách a fundraiseroch. A ako ukazujú údaje, rôzne formy spolupráce s influencermi na sociálnych sieťach prinášajú značkám a organizáciám ovocie. | ||
| 610 | 2 | 0 | |a influencer marketing |
| 610 | 2 | 0 | |a komunikácia marketingová |
| 610 | 2 | 0 | |a propagácia |
| 610 | 2 | 0 | |a správanie spotrebiteľa |
| 610 | 2 | 0 | |a siete sociálne |
| 100 | 1 | |a Morochovičová, Eliška | |
| 700 | 1 | |a Kamlarová, Kristýna | |